<?xml version="1.0" encoding="UTF-8"?>
<record
    xmlns:xsi="http://www.w3.org/2001/XMLSchema-instance"
    xsi:schemaLocation="http://www.loc.gov/MARC21/slim http://www.loc.gov/standards/marcxml/schema/MARC21slim.xsd"
    xmlns="http://www.loc.gov/MARC21/slim">

  <leader>00363nam a22001217a 4500</leader>
  <datafield tag="040" ind1=" " ind2=" ">
    <subfield code="c">DLC</subfield>
  </datafield>
  <datafield tag="082" ind1=" " ind2=" ">
    <subfield code="a"> FIR POL 2020 C025 Or.</subfield>
  </datafield>
  <datafield tag="100" ind1=" " ind2=" ">
    <subfield code="a">Kingdom of cambodia,2019</subfield>
  </datafield>
  <datafield tag="245" ind1=" " ind2=" ">
    <subfield code="a">Policy Response Analysis for Agriculture and Food Systems in the Context fo COVID-19 for Cambodia</subfield>
  </datafield>
  <datafield tag="260" ind1=" " ind2=" ">
    <subfield code="a">CAMBODIA</subfield>
    <subfield code="b">Phnom Penh</subfield>
    <subfield code="c">2020</subfield>
  </datafield>
  <datafield tag="300" ind1=" " ind2=" ">
    <subfield code="a">ii.15p</subfield>
    <subfield code="c">28cm</subfield>
  </datafield>
  <datafield tag="942" ind1=" " ind2=" ">
    <subfield code="c">AEDBB</subfield>
  </datafield>
  <datafield tag="999" ind1=" " ind2=" ">
    <subfield code="c">22410</subfield>
    <subfield code="d">22410</subfield>
  </datafield>
  <datafield tag="952" ind1=" " ind2=" ">
    <subfield code="0">0</subfield>
    <subfield code="1">0</subfield>
    <subfield code="4">0</subfield>
    <subfield code="6">FIR_POL_2020_000000000000000_C025_OR</subfield>
    <subfield code="7">0</subfield>
    <subfield code="9">96759</subfield>
    <subfield code="a">LBC</subfield>
    <subfield code="b">LBC</subfield>
    <subfield code="c">C025</subfield>
    <subfield code="d">2023-12-20</subfield>
    <subfield code="o">FIR POL 2020 C025 Or.</subfield>
    <subfield code="p">A075015</subfield>
    <subfield code="r">2023-12-20</subfield>
    <subfield code="y">AEDBB</subfield>
  </datafield>
  <datafield tag="952" ind1=" " ind2=" ">
    <subfield code="0">0</subfield>
    <subfield code="1">0</subfield>
    <subfield code="4">0</subfield>
    <subfield code="6">FIR_POL_2020_000000000000000_C025_OR</subfield>
    <subfield code="7">0</subfield>
    <subfield code="9">96760</subfield>
    <subfield code="a">LBC</subfield>
    <subfield code="b">LBC</subfield>
    <subfield code="c">C025</subfield>
    <subfield code="d">2023-12-20</subfield>
    <subfield code="o">FIR POL 2020 C025 Or.</subfield>
    <subfield code="p">A075011</subfield>
    <subfield code="r">2023-12-20</subfield>
    <subfield code="y">AEDBB</subfield>
  </datafield>
  <datafield tag="952" ind1=" " ind2=" ">
    <subfield code="0">0</subfield>
    <subfield code="1">0</subfield>
    <subfield code="4">0</subfield>
    <subfield code="6">FIR_POL_2020_000000000000000_C025_OR</subfield>
    <subfield code="7">0</subfield>
    <subfield code="9">96761</subfield>
    <subfield code="a">LBC</subfield>
    <subfield code="b">LBC</subfield>
    <subfield code="c">C025</subfield>
    <subfield code="d">2023-12-20</subfield>
    <subfield code="o">FIR POL 2020 C025 Or.</subfield>
    <subfield code="p">A075007</subfield>
    <subfield code="r">2023-12-20</subfield>
    <subfield code="y">AEDBB</subfield>
  </datafield>
  <datafield tag="952" ind1=" " ind2=" ">
    <subfield code="0">0</subfield>
    <subfield code="1">0</subfield>
    <subfield code="4">0</subfield>
    <subfield code="6">FIR_POL_2020_000000000000000_C025_OR</subfield>
    <subfield code="7">0</subfield>
    <subfield code="9">96762</subfield>
    <subfield code="a">LBC</subfield>
    <subfield code="b">LBC</subfield>
    <subfield code="c">C025</subfield>
    <subfield code="d">2023-12-20</subfield>
    <subfield code="o">FIR POL 2020 C025 Or.</subfield>
    <subfield code="p">A075003</subfield>
    <subfield code="r">2023-12-20</subfield>
    <subfield code="y">AEDBB</subfield>
  </datafield>
  <datafield tag="952" ind1=" " ind2=" ">
    <subfield code="0">0</subfield>
    <subfield code="1">0</subfield>
    <subfield code="4">0</subfield>
    <subfield code="6">FIR_POL_2020_000000000000000_C025_OR</subfield>
    <subfield code="7">0</subfield>
    <subfield code="9">96763</subfield>
    <subfield code="a">LBC</subfield>
    <subfield code="b">LBC</subfield>
    <subfield code="c">C025</subfield>
    <subfield code="d">2023-12-20</subfield>
    <subfield code="o">FIR POL 2020 C025 Or.</subfield>
    <subfield code="p">A074987</subfield>
    <subfield code="r">2023-12-20</subfield>
    <subfield code="y">AEDBB</subfield>
  </datafield>
  <datafield tag="952" ind1=" " ind2=" ">
    <subfield code="0">0</subfield>
    <subfield code="1">0</subfield>
    <subfield code="4">0</subfield>
    <subfield code="6">FIR_POL_2020_000000000000000_C025_OR</subfield>
    <subfield code="7">0</subfield>
    <subfield code="9">96764</subfield>
    <subfield code="a">LBC</subfield>
    <subfield code="b">LBC</subfield>
    <subfield code="c">C025</subfield>
    <subfield code="d">2023-12-20</subfield>
    <subfield code="o">FIR POL 2020 C025 Or.</subfield>
    <subfield code="p">A074995</subfield>
    <subfield code="r">2023-12-20</subfield>
    <subfield code="y">AEDBB</subfield>
  </datafield>
  <datafield tag="952" ind1=" " ind2=" ">
    <subfield code="0">0</subfield>
    <subfield code="1">0</subfield>
    <subfield code="4">0</subfield>
    <subfield code="6">FIR_POL_2020_000000000000000_C025_OR</subfield>
    <subfield code="7">0</subfield>
    <subfield code="9">96765</subfield>
    <subfield code="a">LBC</subfield>
    <subfield code="b">LBC</subfield>
    <subfield code="c">C025</subfield>
    <subfield code="d">2023-12-20</subfield>
    <subfield code="o">FIR POL 2020 C025 Or.</subfield>
    <subfield code="p">A074971</subfield>
    <subfield code="r">2023-12-20</subfield>
    <subfield code="y">AEDBB</subfield>
  </datafield>
  <datafield tag="952" ind1=" " ind2=" ">
    <subfield code="0">0</subfield>
    <subfield code="1">0</subfield>
    <subfield code="4">0</subfield>
    <subfield code="6">FIR_POL_2020_000000000000000_C025_OR</subfield>
    <subfield code="7">0</subfield>
    <subfield code="9">96766</subfield>
    <subfield code="a">LBC</subfield>
    <subfield code="b">LBC</subfield>
    <subfield code="c">C025</subfield>
    <subfield code="d">2023-12-20</subfield>
    <subfield code="o">FIR POL 2020 C025 Or.</subfield>
    <subfield code="p">A074963</subfield>
    <subfield code="r">2023-12-20</subfield>
    <subfield code="y">AEDBB</subfield>
  </datafield>
  <datafield tag="952" ind1=" " ind2=" ">
    <subfield code="0">0</subfield>
    <subfield code="1">0</subfield>
    <subfield code="4">0</subfield>
    <subfield code="6">FIR_POL_2020_000000000000000_C025_OR</subfield>
    <subfield code="7">0</subfield>
    <subfield code="9">96767</subfield>
    <subfield code="a">LBC</subfield>
    <subfield code="b">LBC</subfield>
    <subfield code="c">C025</subfield>
    <subfield code="d">2023-12-20</subfield>
    <subfield code="o">FIR POL 2020 C025 Or.</subfield>
    <subfield code="p">A074903</subfield>
    <subfield code="r">2023-12-20</subfield>
    <subfield code="y">AEDBB</subfield>
  </datafield>
  <datafield tag="952" ind1=" " ind2=" ">
    <subfield code="0">0</subfield>
    <subfield code="1">0</subfield>
    <subfield code="4">0</subfield>
    <subfield code="6">FIR_POL_2020_000000000000000_C025_OR</subfield>
    <subfield code="7">0</subfield>
    <subfield code="9">96768</subfield>
    <subfield code="a">LBC</subfield>
    <subfield code="b">LBC</subfield>
    <subfield code="c">C025</subfield>
    <subfield code="d">2023-12-20</subfield>
    <subfield code="o">FIR POL 2020 C025 Or.</subfield>
    <subfield code="p">A074928</subfield>
    <subfield code="r">2023-12-20</subfield>
    <subfield code="y">AEDBB</subfield>
  </datafield>
</record>
